LEADER 00998nam--2200325---450- 001 990006002950203316 005 20150202120206.0 035 $a000600295 035 $aUSA01000600295 035 $a(ALEPH)000600295USA01 035 $a000600295 100 $a20031202d1955----km-y0itay0103----ba 101 0 $aita 102 $aIT 105 $a||||||||001yy 200 1 $aLetteratura italiana$edisegno storico per i licei e gli istituti magistrali$edalle origini ai giorni nostri$fGiorgio Petrocchi, Pier Giorgio Ricci 210 $aFirenze$cLe Monnier$d1955 215 $a680 p.$d21 cm 606 1 $aLetteratura italiana$xStoria 676 $a850.9 700 1$aPETROCCHI,$bGiorgio$0152230 701 $aRICCI,$bPier Giorgio$0450171 801 0$aIT$bsalbc$gISBD 912 $a990006002950203316 951 $aXV.9.M. 110$b1128 MAR$cXV.9.M.$d366578 959 $aBK 969 $aMAR 979 $aMANZOP$b90$c20150202$lUSA01$h1202 996 $aLetteratura italiana$9929745 997 $aUNISA LEADER 02091nlm 22002894a 450 001 996447151203316 005 20211209075757.0 010 $a9786155053689 100 $a20050309d2005---- uy 0 101 0 $aeng 102 $aHU 135 $adrcnu 200 1 $aClimate dependence and food problems in Russia, 1900-1990$ethe interaction of climate and agricultural policy and their effect on food problems$fby Nikolai M. Dronin and Edward G. Bellinger 210 1 $aBudapest$aNew York$cCentral European University Press$d2005 215 $aTesto elettronico (PDF) (XVII, 366 p.) 230 $aBase dati testuale 330 $aTra il 1900 e il 1990 ci furono diversi periodi di carestia di grano e altri generi alimentari in Russia e nell'ex Unione Sovietica, alcuni dei quali raggiunsero proporzioni catastrofiche provocando carestie di massa e morti su una scala senza precedenti. fonti ufficiali e di altro tipo sono state utilizzate per esplorare la misura in cui la politica e i capricci del clima hanno cospirato per influenzare i raccolti agricoli. Le politiche dei leader (Stalin, Krusciov, Breznev e Gorbaciov) erano valide in teoria ma fallivano nella pratica a causa del tempo imprevedibile? Come reagirono i contadini sovietici a questi cambiamenti? Che impatto ha avuto l'agricoltura sovietica sull'economia complessiva del paese? Queste sono tutte domande che vengono prese in considerazione. Il libro è organizzato in capitoli che rappresentano diversi periodi di tempo. In ciascuno viene discussa la politica del governo centrale seguita dai capricci climatici durante quel periodo. Le rese delle colture vengono quindi analizzate alla luce della politica e del clima. 606 0 $aPiante coltivate$xResa$xPolitica [e] Effetti [del] Clima$yRussia$2BNCF 676 $a338.19470904 700 1$aDRONIN,$bNikolai M.$0883082 701 1$aBELLINGER,$bEdward G.$0512103 801 0$bcba$aIT$bcba$gREICAT 912 $a996447151203316 959 $aEB 969 $aER 996 $aClimate dependence and food problems in Russia, 1900-1990$92547602 997 $aUNISA